书目信息 |
| 题名: |
机械工程学基础
|
|
| 作者: | 吴一江 主编 | |
| 分册: | ||
| 出版信息: | 北京 机械工业出版社 1984.6 |
|
| 页数: | 337页 | |
| 开本: | 26cm | |
| 丛书名: | ||
| 单 册: | ||
| 中图分类: | TH-43 | |
| 科图分类: | ||
| 主题词: | 机械工业 , 仪表工业 | |
| 电子资源: | ||
| ISBN: | ||
| 000 | 00554nam0 2200205 45 | |
| 001 | 0312221749 | |
| 005 | 20060511093937.07 | |
| 010 | @dCNY2.70 | |
| 100 | @a20031222d1984 km y0chiy0120 ea | |
| 101 | @achi | |
| 200 | 1 | @a机械工程学基础@AJi Xie Gong Cheng Xue Ji Chu@f吴一江主编@FWu Yi Jiang Zhu Bian |
| 210 | @a北京@c机械工业出版社@d1984.6 | |
| 215 | @a337页@d26cm | |
| 300 | @a高等专科学校试用教材 | |
| 606 | 0 | @a机械工业 |
| 606 | 0 | @a仪表工业 |
| 690 | @aTH-43@v3 | |
| 701 | 0 | @a吴一江@4主编 |
| 801 | @aCN@bTSTCL@c20060511 | |
| 905 | @a213230@dTH-43@e2 | |
| 机械工程学基础/吴一江主编.-北京:机械工业出版社,1984.6 |
| 337页;26cm |
| 高等专科学校试用教材 |
| ISBN :CNY2.70 |
| ● |
| 相关链接 |
|
|
|
|
正题名:机械工程学基础
索取号:TH-43/2
 
预约/预借
| 序号 | 登录号 | 条形码 | 馆藏地/架位号 | 状态 | 备注 |
| 1 | 0103689 | 202163336 | 密集书库/ [索取号:TH-43/2] | 在馆 | |
| 2 | 0103690 | 202163327 | 密集书库/ [索取号:TH-43/2] | 在馆 | |
| 3 | 0103691 | 202163363 | 密集书库/ [索取号:TH-43/2] | 在馆 | |
| 4 | 0103692 | 202163372 | 密集书库/ [索取号:TH-43/2] | 在馆 | |
| 5 | 0103693 | 202325929 | 密集书库/ [索取号:TH-43/2] | 在馆 |